El origen de la ontología jurídica en el pensamiento griego.

Guardat en:
Dades bibliogràfiques
Autor principal: Wolf, Erik (autor)
Format: Llibre
Idioma:espanyol
Publicat: Córdoba, Argentina: Universidad Nacional de Córdoba, 1965.
Matèries:
Etiquetes: Afegir etiqueta
Sense etiquetes, Sigues el primer a etiquetar aquest registre!

MARC

LEADER 00000nam a2200000 a 4500
001 UCV1585
003 CL-VaPUC
005 20220822114454.0
008 900828e19650000AG |||||||||||||||||spa|d
999 |c 435834  |d 435832 
040 |c Pontificia Universidad Católica de Valparaíso 
082 0 4 |a 340.1 WOL 1965  |2 21 
100 0 |a Wolf, Erik  |e autor  |9 295864 
245 1 3 |a El origen de la ontología jurídica en el pensamiento griego. 
260 |a Córdoba, Argentina:  |b Universidad Nacional de Córdoba,  |c 1965. 
300 |a 2 tomos. 
500 |a Tomos I-II c.1. Donación Familia Prof. Alejandro Guzmán Brito. 
583 |a last modification  |c 19900828 00:00:00  |k Cristina María Rojas Aguilar 
650 0 |a Filosofía del derecho   |9 255050 
650 0 |a Derecho   |z Grecia antigua  |9 870338 
942 |c BK  |2 ddc  |n 0 
952 |0 0  |1 0  |2 ddc  |4 0  |6 340_100000000000000_WOL_1965  |7 0  |8 C_AGB  |9 583491  |a BIBDER  |b BIBDER  |d 2022-06-07  |e Donación   |h t.I  |i 5651620  |o 340.1 WOL 1965  |p 5651620  |r 2023-01-25  |t 1  |w 2022-06-07  |y BK_US  |k AGB 
952 |0 0  |1 0  |2 ddc  |4 0  |6 340_100000000000000_WOL_1965  |7 0  |8 C_AGB  |9 583492  |a BIBDER  |b BIBDER  |d 2022-06-07  |e Donación   |h t.II  |i 5651621  |o 340.1 WOL 1965  |p 5651621  |r 2023-01-25  |t 1  |w 2022-06-07  |y BK_US  |k AGB